Anciennes actrices iconique - Statistiques

Statistiques générales
  • Ce quiz a été pris 30 fois
  • Le résultat moyen est 10 sur 20
Statistiques - réponses
Par images Réponse % Correct
Brigitte Bardot
89%
Audrey Hepburn
85%
Marilyn Monroe
85%
Sophia Loren
85%
Grace Kelly
78%
Elizabeth Taylor
70%
Marlene Dietrich
63%
Judy Garland
59%
Vivien Leigh
56%
Greta Garbo
48%
Bette Davis
44%
Katharine Hepburn
41%
Jean Harlow
37%
Ava Gardner
33%
Gina Lollobrigida
33%
Hedy Lamarr
26%
Lana Turner
22%
Lucille Ball
22%
Carole Lombard
19%
Veronica Lake
19%
Aucun quiz correspondant
Distribution des résultats
% des personnes avec chaque résultat
Percentile par nombre de réponses
Votre historique - résultats
Vous n’avez pas pris ce quiz